000 00210 a2200085 4500
020 _a9780816628094
100 _aTHOMAS A. DUTTON
245 _aRECONSTRUCTING ARCHITECTURE:
260 _bUNIVERSITY OF MINNESOTA PRESS
999 _c13090
_d13090